Pääkaupungit kirjaimittain - S - Statistics

Yleistilastot
  • Tätä visaa on pelattu 1 540 kertaa
  • Keskiarvotulos 10 / 16
Vastaustilastot
Valtio Pääkaupunki % Oikein
San Marino San Marino
79%
Chile Santiago de Chile
75%
Bosnia ja Hertsegovina Sarajevo
73%
Bulgaria Sofia
73%
Singapore Singapore
72%
Etelä-Korea Soul
72%
El Salvador San Salvador
62%
Pohjois-Makedonia Skopje
62%
Costa Rica San José
58%
Bolivia Sucre
56%
Jemen Sanaa
55%
Fidži Suva
55%
Dominikaaninen tasavalta Santo Domingo
54%
São Tomé ja Príncipe São Tomé
49%
Antigua ja Barbuda St. John's
49%
Grenada St. George's
48%
Ehtoja vastaavia visoja ei löytynyt
Tulosjakauma
Jokaisen tuloksen saaneiden osuus
Persentiili vastausten määrän mukaan
Tuloshistoriasi
Et ole pelannut tätä visaa